000 00521nam a2200181Ia 4500
005 20250326143516.0
008 250326s9999 xx 000 0 und d
037 _aTextbook
040 _aFMSL
_beng
_cFMSL
041 _aeng
_2eng
084 _aY:434 P5
_qFMSL
100 _aSachs J D
_9307734
245 0 _aEnd of poverty : how we can make it happen in our lifetime
_cSachs J D
260 _aNew Delhi
_bNew Delhi, Penguin
_c2005
300 _a397p
942 _cTB
_hY:434 P5
999 _c1299877
_d1299877